| 000 | 00524pam a2200205 a 4500 | ||
|---|---|---|---|
| 001 | 2877513 | ||
| 005 | 20180307033214.0 | ||
| 008 | 860212s1986 nyua 001 0 eng | ||
| 010 | _a 86003737 | ||
| 020 | _a0671543245 | ||
| 040 |
_aDLC _cDLC _dDLC |
||
| 041 | _aeng | ||
| 080 | _a613.26 CON | ||
| 082 | 0 | 0 |
_a613.26 CON _219 |
| 100 | 1 | _a10 | |
| 101 | _aNUT | ||
| 245 | 1 | 4 |
_aThe new American diet / _cby Sonja L. Connor and William E. Connor. |
| 906 |
_a7 _bcbc _corignew _d1 _eocip _f19 _gy-gencatlg |
||
| 942 |
_2ddc _cBK |
||
| 999 |
_c44249 _d44249 |
||